00670nam a2200181 i 450000100060000000300090000600500170001500700030003200800410003510000300007624501010010626000350020730000400024270000350028285200320031799900170034995201220036661674ES-MaACL20230906164522.0t|031113s1967 sp ||||1| spa d1 aFarchmin, Guenter.94883110aInspección veterinaria de alimentos / cGünter Farehmin ; traducido por Jaime Esain Escobar. aZaragoza : bAcribia, c[1967] a427 p., 4 lám. : bil. ; c24 cm.0 aEsaín Escobar, Jaime.947449 aES-MaACLjC-33441 bR.63254 c61674d61674 00104070aATENEOMbATENEOMcDEPO2d2008-01-17eSCl0oC-33441p1064669r2023-02-23 00:00:00w2023-02-23yMONOGRAFIA